000 00841nam a2200241 i 4500
001 bg
245 0 0 _aPogranicze z Niemcami a inne pogranicza Polski /
_cpod red. Zbigniewa Kurcza.
260 _aWrocław :
_bWydaw. Uniwersytetu Wrocławskiego,
_c1999.
300 _a282, [3] s. :
_b3 mapy, 3 wykr. ;
_c24 cm.
490 1 _aActa Universitatis Wratislaviensis,
_x0239-6661 ;
_vno 2135
500 _aStreszcz. ang., niem. przy rozdz.
504 _aBibliogr. przy rozdz.
650 9 _aRegiony przygraniczne
_xsocjologia
_zPolska
_yod 1989 r.
700 1 _aKurcz, Zbigniew.
_eRed.
830 _aActa Universitatis Wratislaviensis,
_x0239-6661 ;
020 _a8322919115
040 _cBPK
041 0 _apl
_bende
080 _a316.4(438-04)"1989/..."
920 _a83-229-1911-5
942 _cKS
008 s pl f |000 0 pol
999 _c36401
_d36401
856 _uhttp://koha.tu.koszalin.pl/cgi-bin/koha/opac-detail.pl?biblionumber=36401
_yKatalog online BPK